Take it from me (Record no. 27075)
[ view plain ]
| 000 -LEADER | |
|---|---|
| fixed length control field | 00477nam a2200181Ia 4500 |
| 001 - CONTROL NUMBER | |
| control field | 26921 |
| 008 - FIXED-LENGTH DATA ELEMENTS--GENERAL INFORMATION | |
| fixed length control field | 140414s9999 xx 000 0 und d |
| 020 ## - INTERNATIONAL STANDARD BOOK NUMBER | |
| International Standard Book Number | 0-07-138379-4 |
| 040 ## - CATALOGING SOURCE | |
| Transcribing agency | PK-LaUMT |
| 082 ## - DEWEY DECIMAL CLASSIFICATION NUMBER | |
| Classification number | 158.1 |
| Item number | BRO-T |
| 100 ## - MAIN ENTRY--PERSONAL NAME | |
| Personal name | Erin Brockovich |
| 245 ## - TITLE STATEMENT | |
| Title | Take it from me |
| Remainder of title | life's a struggle but you can win |
| Statement of responsibility, etc | Erin Brockovich<>Marc Eliot |
| 260 ## - PUBLICATION, DISTRIBUTION, ETC. (IMPRINT) | |
| Place of publication, distribution, etc | New York,USA: |
| Name of publisher, distributor, etc | McGraw-Hill, |
| Date of publication, distribution, etc | 2002 |
| 300 ## - PHYSICAL DESCRIPTION | |
| Extent | 194 p. |
| 546 ## - LANGUAGE NOTE | |
| Language note | EN |
| 700 ## - ADDED ENTRY--PERSONAL NAME | |
| Personal name | Marc Eliot |
| 942 ## - ADDED ENTRY ELEMENTS (KOHA) | |
| Koha item type | Books |
| Withdrawn status | Lost status | Damaged status | Not for loan | Home library | Current library | Date acquired | Total Checkouts | Full call number | Barcode | Date last seen | Date checked out | Price effective from | Koha item type |
|---|---|---|---|---|---|---|---|---|---|---|---|---|---|
| UMT Main Campus | UMT Main Campus | 2014-04-14 | 1 | 158.1 BRO-T | 30336 | 2022-11-15 | 2022-11-10 | 2014-04-25 | Books |
